Unpopular Anime by my description - Statistics

General Stats
  • This quiz has been taken 30 times
  • The average score is 5 of 15
Answer Stats
Hint Answer % Correct
A psychopathic teddy bear locks up a school class and forces them to kill themselves. Danganronpa
75%
A guy, gets literally 100 girlfriends. (Unfair I don't even get one) The 100 Girlfriends
63%
A guy who is only focused on learning takes a tutoring job to help out at home. However, he gets not only one but 5 tutoring students. The quintessential quintuplets
58%
A person is reborn as a sword in another world. He finds a cat girl and wants to help her fulfill her dream. Reincarnated as a sword
50%
Its a Spin off, of a very popular Anime about an Onlinegame. The Main Charcter plays a little Girl in a shooter Gun gale online
33%
A group of friends receive letters from their future selves asking them to save one of their friends from death. Orange
33%
A red-haired girl, who actually only wants to play video games, is forced to go into romantic events. Romantic Killer
33%
A guy is almost run over by a truck, but a girl saves him. He promises her to marry her and a few years later, she knocks on his door and they get married. Tonikawa
33%
A deaf girl, finds her great love. A sign of affection
29%
A Tanuki girl has to flee from people because of her animal form, but also the world of animal people is not easy for her. BNA
25%
2 students are in love with their teachers. Out of frustration with their unrequited love, they play to be a couple. However, the drama is getting out of control by more and more characters, who also love. Scums wish
21%
A nerd who is afraid of girls likes to draw manga. A girl finds out and annoys him all the time with his fear and her ambilitous jokes. Dont toy with me, miss Nagatoro
8%
A Beastman and a white-haired witch try to achieve peace between witches and humans. Grimore of Zero
4%
Its also a Spin off. Its about a Little Crazy Girl, whos addicted to explosions. Konosuba Explosion on this wonderfull World
4%
A girl who likes crows falls in love with a guy who still has feelings for another. Sing yesterday for me
4%
No matching quizzes found
Score Distribution
Percent of People with Each Score
Percentile by Number Answered
Your Score History
You have not taken this quiz